| 000 | 00704nam a2200121Ia 4500 | ||
|---|---|---|---|
| 008 | 220620s9999||||xx |||||||||||||| ||und|| | ||
| 245 | 0 |
_aHandwritten Newspapers _bAn Alternative Medium during the Early Modern and Modern Periods |
|
| 546 | _aEnglish[eng] | ||
| 650 | _aHandwritten Newspapers||Scribal communication||Social practice||Literary culture||Literacy||Education | ||
| 700 | _aDroste, Heiko||Salmi-Niklander, Kirsti | ||
| 856 | _uhttps://library.oapen.org/bitstream/20.500.12657/23573/1/handwritten-newspapers.pdf||https://library.oapen.org/bitstream/20.500.12657/23573/1/handwritten-newspapers.pdf||https://library.oapen.org/bitstream/20.500.12657/23573/1/handwritten-newspapers.pdf | ||
| 942 | _cEB | ||
| 999 |
_c29517 _d29517 |
||